Not a Republic - On a Map - Statistics

General Stats
  • This quiz has been taken 30 times
  • The average score is 30 of 43
Answers on the Map
Answers color-coded by a green-red scale on the quiz's map according to % correct below.
 
Answer Stats
Answer Type of Monarchy % Correct
United Kingdom CW Realm - Europe
100%
Australia CW Realm - Oceania
91%
Qatar Emirate - Asia
91%
Vatican City Theocracy - Europe
91%
Andorra Principality - Europe
87%
Belgium Europe
87%
Canada CW Realm - N. America
87%
Denmark Europe
87%
Luxembourg Grand Duchy - Europe
87%
Norway Europe
87%
Oman Sultanate - Asia
87%
Saudi Arabia Asia
87%
Sweden Europe
87%
the Netherlands Europe
87%
Japan Empire - Asia
83%
New Zealand CW Realm - Oceania
83%
Spain Europe
83%
Bahrain Asia
78%
Brunei Sultanate - Asia
78%
United Arab Emirates Federation - Asia
78%
Monaco Principality - Europe
74%
Tonga Oceania
74%
Liechtenstein Principality - Europe
70%
Jordan Asia
65%
Antigua and Barbuda CW Realm - N. America
61%
Jamaica CW Realm - N. America
61%
St. Kitts and Nevis CW Realm - N. America
61%
St. Vincent and the Grenadines CW Realm - N. America
61%
eSwatini Africa
57%
Kuwait Emirate - Asia
57%
St. Lucia CW Realm - N. America
57%
Thailand Asia
57%
the Bahamas CW Realm - N. America
57%
Belize CW Realm - N. America
52%
Grenada CW Realm - N. America
52%
Lesotho Africa
52%
Malaysia Federation - Asia
52%
Bhutan Asia
48%
Solomon Islands CW Realm - Oceania
48%
Cambodia Asia
43%
Morocco Africa
43%
Papua New Guinea CW Realm - Oceania
43%
Tuvalu CW Realm - Oceania
43%
No matching quizzes found
Score Distribution
Percent of People with Each Score
Percentile by Number Answered
Your Score History
You have not taken this quiz